[Event "Galicia-ch U18"]
[Site "Padron"]
[Date "2022.02.26"]
[Round "1"]
[White "Arias Perez, Rodrigo"]
[Black "Rodriguez Ferreiros, Andres"]
[Result "0-1"]
[WhiteElo "1486"]
[BlackElo "2210"]
[PlyCount "78"]
[EventDate "2022.02.26"]
[EventType "swiss"]
[EventRounds "8"]
[EventCountry "ESP"]
[SourceTitle "EXT 2023"]
[Source "ChessBase"]
[SourceDate "2022.10.05"]
[SourceVersion "1"]
[SourceVersionDate "2022.10.05"]
[SourceQuality "1"]

1. e4 d6 2. d4 Nf6 3. Nc3 Nbd7 4. Nf3 e5 5. dxe5 dxe5 6. Bg5 c6 7. a4 Bb4 8. Bc4 h6 9. Bxf6 Qxf6 10. 0-0 Bxc3 11. bxc3 Nc5 12. Re1 Bg4 13. h3 Bxf3 14. Qxf3 Qxf3 15. gxf3 a5 16. Rab1 Rd8 17. Re2 Ke7 18. Kg2 Rd6 19. Kg3 Rg6+ 20. Kh2 Rd8 21. Re3 Rd7 22. Ra1 Rd2 23. Re2 Rgd6 24. Kg3 Rd1 25. Rxd1 Rxd1 26. Bb3 g5 27. Kg4 Kf6 28. h4 b5 29. axb5 cxb5 30. c4 b4 31. Ba2 a4 32. hxg5+ hxg5 33. Kg3 Ra1 34. Bb3 axb3 35. cxb3 Nxb3 36. Rb2 Nd4 37. Rxb4 Rg1+ 38. Kh2 Nxf3+ 39. Kh3 g4# 0-1